Normal view
MARC view
- Sawden , Peter G
Entry Personal Name
001 - CONTROL NUMBER
- control field: 5166
003 - CONTROL NUMBER IDENTIFIER
- control field: OSt
005 - DATE AND TIME OF LATEST TRANSACTION
- control field: 20220205104303.0
008 - FIXED-LENGTH DATA ELEMENTS
- fixed length control field: 220205|| aca||aabn | a|a d
040 ## - CATALOGING SOURCE
- Original cataloging agency: OSt
- Transcribing agency: OSt
100 ## - HEADING--PERSONAL NAME
- Personal name: Sawden , Peter G
670 ## - SOURCE DATA FOUND
- Source citation: Work cat.: (OSt)9625: Sharp, James J . 5165, Basic hydrology / , 1984.
